|
|
|
|
| LEADER |
00000nab a22000001a 4500 |
| 001 |
vtls010308157 |
| 003 |
SK-MaSNL |
| 005 |
20260303190602.0 |
| 008 |
110902d19300504xo |r|p|||| |000 b|slo |
| 015 |
|
|
|a SNBRRBVU1918-1938
|
| 038 |
|
|
|a SNKBUCL
|
| 040 |
|
|
|a SNKBUVU
|b slo
|c SNKBUCL
|e AACR2
|
| 041 |
0 |
|
|a slo
|
| 044 |
|
|
|a xo
|c SK
|
| 080 |
|
|
|a 730.071.1
|2 1997
|
| 080 |
|
|
|a 725.94
|2 1997
|
| 245 |
0 |
0 |
|a Ešte Radlinského pomník
|
| 600 |
1 |
7 |
|a Kováčik, Andrej,
|d 1889-1953
|2 MM
|9 103145
|
| 600 |
1 |
7 |
|a Radlinský, Andrej Ľudovít,
|d 1817-1879
|2 MM
|9 108485
|
| 648 |
|
7 |
|a 1930
|2 snkbucl
|9 288294
|
| 650 |
0 |
7 |
|a slovenské sochárstvo
|2 MM
|9 3052
|
| 650 |
0 |
7 |
|a pomníky
|2 MM
|9 3013
|
| 651 |
|
7 |
|a Kúty (Senica, Slovensko)
|2 MM
|9 51208
|
| 655 |
|
7 |
|a poznámky
|2 snkbucl
|9 285558
|
| 700 |
1 |
|
|a Prídavok, Peter,
|d 1902-1966
|4 aut
|9 99406
|
| 700 |
1 |
|
|a Hásek, Matej
|4 aut
|9 1219050
|
| 700 |
1 |
|
|a Klinda, Ferdiš
|4 aut
|9 1219051
|
| 700 |
1 |
|
|a Käsmayer, Jozef
|4 aut
|9 1219052
|
| 773 |
0 |
|
|t Slovák
|g Roč. 12, č. 101 (4.5.1930), s. 4
|
| 852 |
|
|
|a SNK
|b KIS3GCP
|
| 910 |
|
|
|a snkrbvumm
|
| 958 |
|
|
|a VY
|
| 999 |
|
|
|c 2137044
|d 2138974
|